| 000 | 00599nam a22001817a 4500 | ||
|---|---|---|---|
| 005 | 20150320103915.0 | ||
| 010 | _aENG-112185 | ||
| 020 |
_a9789350092224 _c399.00 |
||
| 035 | _aEN-95717 | ||
| 037 | _bDBAD/PUB | ||
| 082 | _a305.4209546 | ||
| 100 | _aSobhrajani, Manisha | ||
| 245 |
_aThe land I dream of : _cby Manisha Sobhrajani _bthe story of Kashmir's women / |
||
| 260 |
_aGurgaon _bHachette Book Publishing _c2013 |
||
| 270 |
_a4th & 5th Floor, Corporate Centre, Plot No.94, Sector -44 _bGurgaon _e122003 |
||
| 300 |
_a190p. _c21cm(pbk) |
||
| 942 |
_2ddc _cEN _mSOB _h305.4209546 |
||
| 999 |
_c91480 _d91480 |
||